Thermodynamics for chemists /
Guardado en:
| Autor Principal: | |
|---|---|
| Formato: | Libro |
| Idioma: | English |
| Publicado: |
New York :
D. Van Nostrand,
1947.
|
| Etiquetas: |
Agregar Etiqueta
Sin Etiquetas, Sea el primero en etiquetar este registro!
|
| LEADER | 00434nam a22001335a 4500 | ||
|---|---|---|---|
| 001 | EEA.libagro000452 | ||
| 008 | 130809s1947####nyua##########000#0#eng#d | ||
| 005 | 20220805124706.0 | ||
| 245 | 1 | 0 | |a Thermodynamics for chemists / |c Samuel Glasstone. |
| 260 | |a New York : |b D. Van Nostrand, |c 1947. | ||
| 300 | |a viii, 522 p. : |b il. ; |c 23 cm. | ||
| 100 | 1 | |a Glasstone, Samuel, |d 1897- | |
| 082 | 0 | 4 | |a 541.369 |
| 859 | |a AR-BbBCA |b BIB. AGRONOMIA |h 541.369 |i G549 |p 1964/0061 | ||
